Normal view
MARC view
- Lai Francis
Entry Personal Name
001 - CONTROL NUMBER
- control field: 8835
003 - CONTROL NUMBER IDENTIFIER
- control field: IT-RoPau
005 - DATE AND TIME OF LATEST TRANSACTION
- control field: 20140110173703.0
008 - FIXED-LENGTH DATA ELEMENTS
- fixed length control field: 140110|| aca||aabn | a|a d
040 ## - CATALOGING SOURCE
- Original cataloging agency: IT-RoPau
- Transcribing agency: IT-RoPau
100 ## - HEADING--PERSONAL NAME
- Personal name: Lai Francis
- Miscellaneous information: Codice autore musica SPICS: 10971
- Relator term: Autore musica
- Name of part/section of a work: Un homme et une femme
670 ## - SOURCE DATA FOUND
- Source citation: Work cat.: (IT-RoPau)102884: AA.VV. 794, Douce France (The Coconadosand Their Hawaiian Guitars)